[Event "POL-chT2 U18"]
[Site "Augustow"]
[Date "1996.??.??"]
[Round "?"]
[White "Rubinowski, Sebastian"]
[Black "Kukla, Piotr"]
[Result "1/2-1/2"]
[WhiteElo "1865"]
[BlackElo "1800"]
[PlyCount "39"]
[EventDate "1996.??.??"]
[EventType "team-tourn"]
[EventRounds "10"]
[EventCountry "POL"]
[SourceTitle "EXT 2003"]
[Source "ChessBase"]
[SourceDate "2002.11.25"]
[SourceVersion "1"]
[SourceVersionDate "2002.11.25"]
[SourceQuality "1"]

1. e4 e6 2. d4 d5 3. Nd2 c5 4. exd5 exd5 5. Ngf3 Nf6 6. Be2 Bd6 7. dxc5 Bxc5 8. Nb3 Bd6 9. 0-0 0-0 10. Bg5 Be6 11. Nbd4 Nc6 12. c3 Kh8 13. Nxe6 fxe6 14. Nd4 Nxd4 15. cxd4 Qb6 16. b3 Ne4 17. Be3 Nc3 18. Qd3 Nxe2+ 19. Qxe2 Rac8 20. Rac1 1/2-1/2